00433nam a22001577a 450000500170000000800410001702000180005804100130007608200120008910000260010124500310012725000190015826000440017730000290022165000250025020231114071948.0231114b |||||||| |||| 00| 0 eng d a9780409053081 aEnglish  a345 SNY aSnyman, CR lEnglish  aCriminal Law /cCR Snyman  aSixth Edition  aDurban : bLexisNexis (Pty) Ltd, c2014 bxii, 619 pages ;c25 cm. aLegal practice bLaw